00309nam a22001337a 4500003000400000008004100004020001800045082001500063100002400078245002900102250001100131260002400142300000900166OSt240323b |||||||| |||| 00| 0 eng d a9788120339040 a005.43 TAM aTANENBAUM, Andrew S aModern Operating Systems a3rd Ed aN.Delhib PHIc2008 a1076